<?xml version="1.0" encoding="UTF-8"?><?xml-stylesheet type="text/xsl" href="static/style.xsl"?><OAI-PMH xmlns="http://www.openarchives.org/OAI/2.0/" xmlns:xsi="http://www.w3.org/2001/XMLSchema-instance" xsi:schemaLocation="http://www.openarchives.org/OAI/2.0/ http://www.openarchives.org/OAI/2.0/OAI-PMH.xsd"><responseDate>2026-04-17T13:01:51Z</responseDate><request verb="GetRecord" identifier="oai:www.recercat.cat:2445/216785" metadataPrefix="marc">https://recercat.cat/oai/request</request><GetRecord><record><header><identifier>oai:recercat.cat:2445/216785</identifier><datestamp>2025-11-19T21:34:57Z</datestamp><setSpec>com_2072_1057</setSpec><setSpec>col_2072_478917</setSpec><setSpec>col_2072_478931</setSpec></header><metadata><record xmlns="http://www.loc.gov/MARC21/slim" xmlns:dcterms="http://purl.org/dc/terms/" xmlns:xsi="http://www.w3.org/2001/XMLSchema-instance" xmlns:doc="http://www.lyncode.com/xoai" xsi:schemaLocation="http://www.loc.gov/MARC21/slim http://www.loc.gov/standards/marcxml/schema/MARC21slim.xsd">
   <leader>00925njm 22002777a 4500</leader>
   <datafield ind2=" " ind1=" " tag="042">
      <subfield code="a">dc</subfield>
   </datafield>
   <datafield ind2=" " ind1=" " tag="720">
      <subfield code="a">Pereda Beltran, Noemí</subfield>
      <subfield code="e">author</subfield>
   </datafield>
   <datafield ind2=" " ind1=" " tag="260">
      <subfield code="c">2024-11-27T16:53:58Z</subfield>
   </datafield>
   <datafield ind2=" " ind1=" " tag="260">
      <subfield code="c">2024-11-27T16:53:58Z</subfield>
   </datafield>
   <datafield ind2=" " ind1=" " tag="260">
      <subfield code="c">2010</subfield>
   </datafield>
   <datafield ind2=" " ind1=" " tag="260">
      <subfield code="c">2024-11-27T16:53:58Z</subfield>
   </datafield>
   <datafield ind2=" " ind1=" " tag="520">
      <subfield code="a">La experiencia de abuso sexual conlleva importantes repercusiones en el bienestar físico y psicológico de la víctima. Se hace necesario conocer qué efectos puede tener esta experiencia sobre la salud, tanto para su posible detección temprana como para un tratamiento efectivo.&#xd;
Determinadas lesiones genitales y anales, la presencia de esperma, infecciones y enfermedades de transmisión sexual (gonococia, condilomas acuminados, sífilis) antes de la pubertad, así como el embarazo, pueden ser importantes indicadores de abuso sexual, si bien en la mayor parte de casos los hallazgos físicos son nulos en estas víctimas, dificultando la detección de estos casos. En la edad adulta, los dolores físicos, el trastorno de conversión, las crisis no epilépticas, el trastorno de somatización, trastornos ginecológicos, así como un inicio significativamente temprano de la menopausia, son algunos de los problemas físicos más frecuentemente presentes.&#xd;
Conclusiones: conocer los indicadores y consecuencias del abuso sexual para identificarlos y detectarlos tan pronto como sea posible se plantea como una necesidad de la que los profesionales del ámbito sanitario debemos ser conscientes para poder intervenir tempranamente y de forma efectiva en estos casos.</subfield>
   </datafield>
   <datafield tag="653" ind2=" " ind1=" ">
      <subfield code="a">Delictes sexuals</subfield>
   </datafield>
   <datafield tag="653" ind2=" " ind1=" ">
      <subfield code="a">Víctimes</subfield>
   </datafield>
   <datafield tag="653" ind2=" " ind1=" ">
      <subfield code="a">Abús sexual envers els infants</subfield>
   </datafield>
   <datafield tag="653" ind2=" " ind1=" ">
      <subfield code="a">Sex crimes</subfield>
   </datafield>
   <datafield tag="653" ind2=" " ind1=" ">
      <subfield code="a">Victims</subfield>
   </datafield>
   <datafield tag="653" ind2=" " ind1=" ">
      <subfield code="a">Child sexual abuse</subfield>
   </datafield>
   <datafield ind2="0" ind1="0" tag="245">
      <subfield code="a">Actualización de las consecuencias físicas del abuso sexual infantil</subfield>
   </datafield>
   <datafield ind2="0" ind1="0" tag="245">
      <subfield code="a">Physical consequences of child sexual abuse: an update</subfield>
   </datafield>
</record></metadata></record></GetRecord></OAI-PMH>